Sbírka úloh z automatické regulace

Saved in:
Bibliographic Details
Main Author: Besekerskij, Viktor Antonovič (Author)
Format: Book
Language:Czech
Published: Praha : SNTL, 1970
Subjects:
Tags: Add Tag
No Tags, Be the first to tag this record!

MARC

LEADER 00000nam a22000003a 4500
001 stu57793
005 20180515144308.2
008 010507s1970----cs------------------cze-d
040 |a STU  |b slo 
041 0 |a cze 
044 |a cs 
080 |a 681.35 
100 1 |a Besekerskij, Viktor Antonovič  |4 aut 
245 1 |a Sbírka úloh z automatické regulace 
260 |a Praha :  |b SNTL,  |c 1970 
300 |a 336 s 
650 7 |a regulačné obvody  |2 stusub 
650 7 |a automatická regulácia  |2 stusub 
996 |b 284J015891  |c J*21409  |l JJSK  |s A  |a 24  |w stu57793_0001 
996 |b 284J015890  |c J*21408  |l JJSK  |s A  |a 24  |w stu57793_0002 
996 |b 284EK09196  |c E*25237  |l EE01  |s A  |a 24  |w stu57793_0003 
996 |b 284J020463  |c J*46469  |l JJSK  |s A  |a 24  |w stu57793_0004